000 01456cam a22003977a 4500
003 CHAP
005 20220329141835.0
008 971202d1997 mx ab r 00110 spa d
010 _a74650
011 _a75622
035 _a85188
040 _cCHAP
090 _aTesis
100 0 0 _aGarcía Romero, José Ulises.
_946550
245 1 0 _aDeterminación de plagas de importancia cuarentenaria para México en importaciones de estacas de rosal (Rosa sp)
_c/por José Ulises García Romero
260 _aChapingo, Méx. :
_bEl autor,
_c1997.
300 _a63 h. :
_bilus. ; mapas
502 _aTesis (Ing. Agr. Esp. en Parasitología Agrícola) -- UACH. Departamento de Parasitología Agrícola
590 _aALEPH
_b10
_c20130110
_lUCH01
_h1420
590 _aBATCH-UPD
_b10
_c20130110
_lUCH01
_h0618
590 _aBATCH-UPD
_b10
_c20130110
_lUCH01
_h2338
590 _aBATCH-UPD
_b10
_c20130410
_lUCH01
_h0300
590 _aBATCH-UPD
_b10
_c20130410
_lUCH01
_h1627
590 _aBATCH-UPD
_b10
_c20130914
_lUCH01
_h2009
590 _aCONVERSION
_b10
_c20130109
_lUCH01
_h1341
650 1 4 _aRosas
_xImportación.
_999974
650 1 4 _aRosas
_xMercadeo.
_999978
650 1 4 _aRosas
_xMéxico.
_999979
650 1 4 _aRosas
_xPlagas.
_999982
650 1 4 _aRosas
_xPropagación.
_999986
901 _aBK
905 _aLilia Sánchez G.
942 _cFOLL
949 _bBC
_cTES
_d33724000636148
_eTS2
_fc.2
_h31388
_i85188
_si
949 _bBC
_cTES
_d851881
_eTS1
_h31387
_i85188
_sb
999 _c74650
_d74650